000 00338cam a22001217a 4500
008 180718b1975 xxu||||| |||| 00| 0 eng d
082 _aA2 C349/75
100 _aChakraborti, M.L.
245 _aBibliography in theory and practice
_cby M.L. Chakraborti
260 _aCalcutta
_bWorld Press
_c1975
300 _a448p.
650 _aBibliography
999 _c342040
_d342040